100 les plus grandes villes sur une carte du monde - Statistiques

Statistiques générales
  • Ce quiz a été pris 4 338 fois
  • Le résultat moyen est 52 sur 100
Réponses sur la Carte
Les réponses sont colorées sur une échelle allant du rouge au vert en fonction du pourcentage des utilisateurs qui les ont devinées à leur premier essai. Vous pouvez retrouver ces pourcentages ci-dessous.
 
Statistiques - réponses
Population Urban Area % Correct
11.2 mil 10+ Million Paris
99%
14.4 mil 10+ Million Londres
97%
6.25 mil 6+ Million Madrid
97%
16.9 mil 10+ Million Moscou
96%
22.0 mil 20+ Million New York
96%
4.50 mil 4+ Million Berlin
95%
17.6 mil 10+ Million Los Angeles
94%
22.1 mil 20+ Million Mexico
94%
39.5 mil 20+ Million Tokyo
94%
4.65 mil 4+ Million Barcelone
93%
12.7 mil 10+ Million Rio de Janeiro
93%
21.1 mil 20+ Million Pékin
91%
4.90 mil 4+ Million Sydney
90%
16.8 mil 10+ Million Le Caire
89%
5.15 mil 4+ Million Milan
88%
15.8 mil 10+ Million Buenos Aires
87%
26.4 mil 20+ Million Delhi
87%
14.3 mil 10+ Million Istamboul
85%
6.10 mil 6+ Million Miami
85%
5.45 mil 4+ Million Saint-Pétersbourg
82%
9.80 mil 6+ Million Chicago
81%
21.8 mil 20+ Million São Paulo
81%
4.68 mil 4+ Million Ankara
79%
8.35 mil 6+ Million Washington
79%
9.95 mil 6+ Million Lima
78%
7.60 mil 6+ Million San Francisco
78%
28.1 mil 20+ Million Jakarta
77%
23.2 mil 20+ Million Mumbai
77%
7.05 mil 6+ Million Santiago
76%
9.35 mil 6+ Million Bogotá
73%
24.4 mil 20+ Million Séoul
73%
13.4 mil 10+ Million Johannesbourg
71%
7.35 mil 6+ Million Boston
70%
13.7 mil 10+ Million Téhéran
70%
16.9 mil 10+ Million Bangkok
67%
6.85 mil 6+ Million Bagdad
65%
23.3 mil 20+ Million Manille
65%
4.40 mil 4+ Million Melbourne
65%
30.9 mil 20+ Million Shanghai
65%
6.55 mil 6+ Million Dallas
64%
7.25 mil 6+ Million Hong Kong
64%
17.1 mil 10+ Million Lagos
64%
6.90 mil 6+ Million Singapour
64%
5.15 mil 4+ Million Alexandrie
63%
10.6 mil 10+ Million Kinshasa
63%
6.70 mil 6+ Million Riyad
62%
17.8 mil 10+ Million Osaka
61%
6.20 mil 6+ Million Houston
60%
7.10 mil 6+ Million Toronto
60%
7.30 mil 6+ Million Philadelphie
59%
5.20 mil 4+ Million Nairobi
58%
17.6 mil 10+ Million Dacca
57%
5.70 mil 4+ Million Détroit
56%
4.85 mil 4+ Million Cologne / Düsseldorf
54%
16.0 mil 10+ Million Kolkata
54%
5.50 mil 4+ Million Atlanta
52%
7.00 mil 6+ Million Kuala Lumpur
52%
47.7 mil 20+ Million Guangzhou
51%
5.05 mil 4+ Million Abidjan
50%
5.55 mil 4+ Million Khartoum
48%
4.33 mil 4+ Million Phoenix
44%
24.3 mil 20+ Million Karachi
43%
6.80 mil 6+ Million Luanda
42%
9.05 mil 6+ Million Taipei
42%
4.58 mil 4+ Million Accra
41%
4.68 mil 4+ Million Colombo
40%
8.25 mil 6+ Million Hô-Chi-Minh-Ville
37%
8.00 mil 6+ Million Wuhan
35%
10.5 mil 10+ Million Bengaluru
31%
5.30 mil 4+ Million Dar es Salam
31%
4.98 mil 4+ Million Guadalajara
31%
10.2 mil 10+ Million Lahore
28%
10.4 mil 10+ Million Nagoya
27%
4.93 mil 4+ Million Belo Horizonte
26%
4.65 mil 4+ Million Monterrey
26%
10.0 mil 10+ Million Chennai
24%
6.65 mil 6+ Million Xi'an
24%
11.4 mil 10+ Million Tianjin
19%
9.00 mil 6+ Million Hyderabad
18%
9.60 mil 6+ Million Chengdu
17%
7.05 mil 6+ Million Chongqing
16%
5.15 mil 4+ Million Yangon
15%
10.0 mil 10+ Million Xiamen
14%
7.45 mil 6+ Million Ahmedabad
13%
5.95 mil 4+ Million Bandung
12%
6.10 mil 6+ Million Pune
12%
4.70 mil 4+ Million Surabaya
11%
4.53 mil 4+ Million Chittagong
10%
8.30 mil 6+ Million Hangzhou
10%
5.15 mil 4+ Million Harbin
9%
5.70 mil 4+ Million Qingdao
8%
6.85 mil 6+ Million Nanjing
7%
7.65 mil 6+ Million Shenyang
7%
5.70 mil 4+ Million Surat
7%
4.50 mil 4+ Million Dalian
6%
4.45 mil 4+ Million Changsha
5%
4.55 mil 4+ Million Hefei
5%
7.95 mil 6+ Million Shantou
5%
4.68 mil 4+ Million Zhengzhou
5%
5.90 mil 4+ Million Wenzhou
4%
Aucun quiz correspondant
Distribution des résultats
% des personnes avec chaque résultat
Percentile par nombre de réponses
Votre historique - résultats
Vous n’avez pas pris ce quiz